| 000 | 00423nam a2200133Ia 4500 | ||
|---|---|---|---|
| 008 | 220216s9999 xx 000 0 und d | ||
| 100 | _aSobhana P | ||
| 245 | 0 | _aEffect of scion on root growth, cation exchange capacity of roots and mineral uptake in Hevea brasiliensis | |
| 260 |
_bInternational Rubber Conference India, 1980 _c1980 |
||
| 700 | _aGeorge M J | ||
| 700 | _aNair N U | ||
| 700 | _aSethuraj M R | ||
| 942 | _cJS | ||
| 999 |
_c58105 _d58105 |
||